000 00847cam a22001935a 4500
001 L149634
008 100329e2010 xxk 000 0 eng d
035 _a(Sirsi) u149634
041 0 _aeng
110 2 _aEuroProperty
_91216
245 0 0 _aCorrupt and opaque, Italy can still pull in the investors
260 _c2010
490 _aEuroProperty
_v1 March 2010, 8-9(2)
520 _aThe Italian property sector has been badly hit by scandals over the past few years at both private and institutional level. Italy ranks 63rd in the 2009 "Corruption perception index". Italy remains however attractive to foreign property investors, particularly with firms with strong corporate governance.
590 _aKA
651 4 _aItalia = Italy
_y1992-
690 _aPROPERTY-COMMERCIAL PROPERTY-COMMERCIAL PROPERTY FINANCE AND INVESTMENT
942 _n0
999 _c82238
_d82238